[Event "17th Caspian Cup-Masters 2019"]
[Site "Anzali"]
[Date "2019.02.16"]
[Round "6.3"]
[White "Tahbaz, Arash"]
[Black "Pour Agha Bala, Amirreza"]
[Result "1-0"]
[WhiteElo "2484"]
[BlackElo "2362"]
[Annotator "ChessBase"]
[PlyCount "93"]
[EventDate "2019.02.12"]
[EventType "swiss"]
[EventRounds "9"]
[EventCountry "IRI"]
[SourceTitle "playchess.com"]
[Source "ChessBase"]
[SourceQuality "1"]
[TimeControl "5400+30"]

1. d4 {[%emt 0:06:40]} Nf6 {[%emt 0:00:00]} 2. c4 {[%emt 0:00:07]} e6 {[%emt 0:00:59]} 3. Nf3 {[%emt 0:00:09]} c5 {[%emt 0:02:26]} 4. g3 {[%emt 0:01:07]} cxd4 {[%emt 0:01:22]} 5. Nxd4 {[%emt 0:00:25]} Nc6 {[%emt 0:05:22]} 6. Bg2 {[%emt 0:00:16]} Bc5 {[%emt 0:00:45]} 7. Nb3 {[%emt 0:02:09]} Be7 {[%emt 0:00:10]} 8. Nc3 {[%emt 0:00:08]} d6 {[%emt 0:00:17]} 9. Nd4 {[%emt 0:01:00]} Nxd4 {[%emt 0:02:44]} 10. Qxd4 {[%emt 0:00:22]} O-O {[%emt 0:00:09]} 11. O-O {[%emt 0:00:21]} a6 {[%emt 0:00:07]} 12. b3 {[%emt 0:00:14]} Rb8 {[%emt 0:02:28]} 13. a4 {[%emt 0:01:11]} Bd7 {[%emt 0:04:18]} 14. Ba3 {[%emt 0:02:11]} Bc6 {[%emt 0:00:24]} 15. e4 {[%emt 0:01:05]} Qd7 {[%emt 0:25:36]} 16. Rfd1 {[%emt 0:02:17]} Rfd8 {[%emt 0:00:18]} 17. a5 {[%emt 0:13:29]} Qc7 {[%emt 0:01:23]} 18. Qe3 {[%emt 0:00:58]} b6 {[%emt 0:10:31]} 19. e5 {[%emt 0:03:06]} Ng4 {[%emt 0:13:02]} 20. exd6 {[%emt 0:00:09]} Bxd6 {[%emt 0:00:35]} 21. Bxd6 {[%emt 0:00:57]} Rxd6 {[%emt 0:00:23]} 22. axb6 {[%emt 0:00:19]} Qb7 {[%emt 0:05:33]} 23. Bxc6 {[%emt 0:02:15]} Nxe3 {[%emt 0:02:27]} 24. Bxb7 {[%emt 0:00:10]} Nxd1 {[%emt 0:00:05]} 25. Nxd1 {[%emt 0:01:09]} Rxb6 {[%emt 0:00:12]} 26. Bf3 {[%emt 0:00:50]} Rxb3 {[%emt 0:00:07]} 27. Kg2 {[%emt 0:00:07]} Rb1 {[%emt 0:01:51]} 28. Rxa6 {[%emt 0:00:33]} Rc1 {[%emt 0:00:04]} 29. Rc6 {[%emt 0:00:57]} g6 {[%emt 0:00:18]} 30. Ne3 {[%emt 0:00:59]} Kg7 {[%emt 0:00:26]} 31. Rc7 {[%emt 0:01:32]} h5 {[%emt 0:02:29]} 32. c5 {[%emt 0:01:36]} Rb5 {[%emt 0:00:22]} 33. c6 {[%emt 0:00:11]} Rbc5 {[%emt 0:00:05]} 34. h4 {[%emt 0:00:24]} Kg8 {[%emt 0:03:19]} 35. Nf1 {[%emt 0:02:03]} R1c2 {[%emt 0:01:05]} 36. Rd7 {[%emt 0:00:11]} f5 {[%emt 0:02:23]} 37. Nd2 {[%emt 0:02:32]} R5c3 {[%emt 0:02:48]} 38. Nb3 {[%emt 0:08:29]} e5 {[%emt 0:00:55]} 39. Bd1 {[%emt 0:02:48]} Rxc6 {[%emt 0:00:48]} 40. Bxc2 {[%emt 0:00:04]} Rxc2 {[%emt 0:00:06]} 41. Nd2 {[%emt 0:00:06]} Ra2 {[%emt 0:00:50]} 42. Nc4 {[%emt 0:00:21]} e4 {[%emt 0:00:07]} 43. Rd2 {[%emt 0:00:51]} Rxd2 {[%emt 0:00:51]} 44. Nxd2 {[%emt 0:00:02]} Kf7 {[%emt 0:00:08]} 45. Kf1 {[%emt 0:00:44]} Kf6 {[%emt 0:00:22]} 46. Ke2 {[%emt 0:00:18]} g5 {[%emt 0:00:23]} 47. Ke3 {[%emt 0:00:21]} 1-0

[Event "17th Caspian Cup-Masters 2019"]
[Site "Anzali"]
[Date "2019.02.16"]
[Round "6.4"]
[White "Mirzoev, Azer"]
[Black "Asgari, Morteza"]
[Result "1/2-1/2"]
[WhiteElo "2483"]
[BlackElo "2175"]
[Annotator "TA"]
[PlyCount "31"]
[EventDate "2019.02.12"]
[EventType "swiss"]
[EventRounds "9"]
[EventCountry "IRI"]
[SourceTitle "playchess.com"]
[Source "ChessBase"]
[SourceQuality "1"]

{[%evp 18,22,41,25,24,40,20]} 1. Nf3 Nf6 2. c4 c5 3. Nc3 d5 4. cxd5 Nxd5 5. g3 Nc6 6. Bg2 Nc7 7. O-O g6 8. d3 Bg7 9. Be3 Ne6 {A34: Symmetrical English: 2 Nc3, lines with ...d5} (9... b6 10. Ng5 Bd7 11. Qa4 Na5 12. Qf4 f6 13. Nd5 Rc8 14. Nxc7+ Qxc7 15. Qxc7 Rxc7 16. Ne4 f5 17. Nc3 Bc6 {½-½ (54) Blomqvist,E (2492)-Timman,J (2615) Malmo 2014}) 10. Qd2 {LiveBook: 3 Games} Rb8 11. Bh6 O-O {Predecessor:} 12. Bxg7 $146 Kxg7 13. Ng5 c4 14. h4 cxd3 15. Nxe6+ Bxe6 16. exd3 {½-½ (46) Esipenko,A (2355)-Okun,E (2191) Voronezh 2015} 1/2-1/2

[Event "17th Caspian Cup-Masters 2019"]
[Site "Anzali"]
[Date "2019.02.16"]
[Round "6.5"]
[White "Grigoryan, Karen H."]
[Black "Khoshkalam, Seyed Mehrab"]
[Result "1-0"]
[WhiteElo "2590"]
[BlackElo "2263"]
[Annotator "TA"]
[PlyCount "39"]
[EventDate "2019.02.12"]
[EventType "swiss"]
[EventRounds "9"]
[EventCountry "IRI"]
[SourceTitle "playchess.com"]
[Source "ChessBase"]
[SourceQuality "1"]

{[%evp 11,39,-25,0,0,8,-26,-28,0,-2,2,64,53,73,68,69,72,64,66,93,97,147,145,536,534,617,579,581,576,1333,1325]} 1. g3 d5 2. Nf3 c5 3. Bg2 Nc6 4. O-O e5 5. d3 Nge7 6. c4 {A08: King's Indian Attack} (6. Nfd2 Bg4 7. h3 Be6 8. e4 Qd7 9. Kh2 f6 10. Nc3 d4 11. Ne2 g5 12. f4 h6 13. fxe5 fxe5 {1-0 (29) Belezky,A (2426)-Natsidis,C (2356) Halle 2016}) 6... f6 {LiveBook: 3 Games} 7. cxd5 Nxd5 8. Nc3 {The position is equal.} Be6 9. e3 $146 ({Predecessor:} 9. Nxd5 Bxd5 10. Be3 Rc8 11. Nd2 Be6 12. a3 Qd7 13. Qa4 b6 {½-½ (34) Janczarski,M (2247)-Strzemiecki,Z (2307) Chotowa 2009}) 9... Qd7 10. d4 cxd4 (10... exd4 $11 11. exd4 O-O-O) 11. exd4 $14 exd4 12. Nxd4 Nxd4 13. Qxd4 Nxc3 14. Qxc3 Kf7 15. Bf4 Rc8 {[#]} 16. Qf3 $1 Bg4 $2 {[%mdl 8192] [#]} (16... Bc5 $16 {is more resistant.} 17. Rfd1 (17. Qxb7 g5 $14) 17... Qb5) 17. Qb3+ $1 $18 {White is clearly winning.} Kg6 {[#]} 18. Rad1 $1 {[%mdl 512]} Bxd1 19. Rxd1 Qf5 20. Bf1 {Precision: White = 86%, Black = 18%.} 1-0

[Event "17th Caspian Cup-Masters 2019"]
[Site "Anzali"]
[Date "2019.02.16"]
[Round "6.6"]
[White "Mousavi, Seyed Khalil"]
[Black "Pilvaieh, Ali"]
[Result "1-0"]
[WhiteElo "2485"]
[BlackElo "2156"]
[Annotator "TA"]
[PlyCount "79"]
[EventDate "2019.02.12"]
[EventType "swiss"]
[EventRounds "9"]
[EventCountry "IRI"]
[SourceTitle "playchess.com"]
[Source "ChessBase"]
[SourceQuality "1"]

{[%evp 17,79,2,34,27,37,37,47,47,47,47,55,14,34,-12,-14,-13,0,-47,-45,-70,-43,-84,-35,-27,-10,-18,14,0,0,0,2,-47,-50,-84,-77,-103,-56,-307,-284,-318,-305,-511,-493,-436,-475,-595,-477,-511,-537,-515,-406,-412,108,120,171,170,399,381,2796,2706,29984,29985,29985,29986]} 1. c4 c5 2. Nc3 Nc6 3. g3 g6 4. Bg2 Bg7 5. e4 d6 6. Nge2 e5 7. d3 Nge7 8. O-O O-O 9. f4 exf4 {LiveBook: 3 Games. A36: Symmetrical English vs ...g6: 4 Bg2 Bg7} (9... f5 10. Be3 Nd4 11. Qd2 Be6 12. b3 Rb8 13. Rae1 Qd7 14. Nd5 b5 15. Bxd4 cxd4 16. Nxe7+ Qxe7 17. exf5 gxf5 18. Nxd4 {0-1 (56) Ivanchuk,V (2738)-Giri,A (2771) Leuven 2017}) 10. Bxf4 h6 $146 ({Predecessor:} 10... Ne5 11. Qd2 a6 12. Rad1 N7c6 13. b3 Rb8 14. Bg5 f6 15. Bh6 Bxh6 16. Qxh6 b5 17. Nd5 {0-1 (56) Iskhakov,M (2203)-Dvoirys,S (2550) Kiryat Ono 2015}) 11. Be3 Ne5 {White is slightly better.} 12. h3 a6 13. Qd2 Kh7 14. a4 Rb8 15. a5 b5 16. axb6 $1 Rxb6 17. g4 Be6 18. g5 {[%cal Rg5h6]} h5 19. Rab1 N7c6 20. Nd5 Bxd5 21. exd5 Ne7 22. Be4 Qd7 23. Kg2 $1 Rfb8 24. Rf2 Kg8 25. Bf4 Rb3 26. Bg3 Nc8 27. Rf6 $2 {[%mdl 8192]} (27. Nc1 $15 R3b6 28. Na2) 27... Qe7 $19 ({Less strong is} 27... Bxf6 28. gxf6 Qd8 29. Bxe5 $19) 28. Rf2 {[#]} Nxc4 $1 {[%mdl 512]} 29. Qc1 $2 {[#]} (29. Qf4 Rxb2 30. Rxb2 Nxb2 31. Qf3) (29. dxc4 Qxe4+) 29... Na3 $1 {[%mdl 512]} 30. Ra1 (30. bxa3 Rxb1) 30... Bxb2 31. Qd1 Qxg5 {...h4 is the strong threat.} 32. h4 Qe7 33. Ra2 c4 34. Nf4 {intending Nxg6!} Bg7 $2 {[#]} (34... Bd4 $19 35. Nxh5 Bxf2 36. Rxf2 f5 37. Bxf5 gxf5 38. Rxf5 Nc2 $1 {[%mdl 512]}) 35. Nxg6 $1 $16 fxg6 (35... Qe8 $16 36. Nf4 cxd3 37. Bxd3 Nc4 38. Bxc4 (38. Qxh5 Rxd3 39. Nxd3 Ne3+ 40. Kh2 Rb3 $16) 38... Qe4+ 39. Kh2 Qxc4) 36. Bxg6 $18 {[#]} Rb2 $2 (36... Rxd3 $1 37. Bxd3 cxd3) 37. Qxh5 {[%csl Gg6][%cal Rh5h7]} Qf6 $2 (37... Bf6 38. Bf5 (38. Rxa3 c3 $16) 38... Kf8) 38. Kh3 Rxf2 39. Rxf2 Rb7 40. Qh7+ {Precision: White = 43%, Black = 51%.} 1-0

[Event "17th Caspian Cup-Masters 2019"]
[Site "Anzali"]
[Date "2019.02.16"]
[Round "6.7"]
[White "Daghli, Arash"]
[Black "Atakhan, Abtin"]
[Result "1-0"]
[WhiteElo "2354"]
[BlackElo "2179"]
[Annotator "NA"]
[PlyCount "79"]
[EventDate "2019.02.12"]
[EventType "swiss"]
[EventRounds "9"]
[EventCountry "IRI"]
[SourceTitle "playchess.com"]
[Source "ChessBase"]
[SourceQuality "1"]
[TimeControl "5400+30"]

1. d4 {[%emt 0:00:00]} Nf6 {[%emt 0:00:00]} 2. c4 {[%emt 0:00:00]} g6 {[%emt 0:00:00]} 3. Nc3 {[%emt 0:00:00]} Bg7 {[%emt 0:00:00]} 4. e4 {[%emt 0:00:01]} d6 {[%emt 0:00:00]} 5. h3 {[%emt 0:00:09]} O-O {[%emt 0:00:00]} 6. Be3 {[%emt 0:00:07]} c5 {[%emt 0:00:03]} 7. Nf3 {[%emt 0:00:11]} cxd4 {[%emt 0:00:04]} 8. Nxd4 {[%emt 0:00:23]} b6 {[%emt 0:00:02]} 9. Qd2 {[%emt 0:00:13]} Bb7 {[%emt 0:00:06]} 10. f3 {[%emt 0:00:13]} Nbd7 {[%emt 0:01:34]} 11. Bh6 {[%emt 0:01:36]} e5 {[%emt 0:04:17]} 12. Bxg7 {[%emt 0:00:39]} exd4 {[%emt 0:04:16]} 13. Bxf6 {[%emt 0:00:58]} Qxf6 {[%emt 0:00:11]} 14. Nb5 {[%emt 0:00:25]} a6 {[%emt 0:15:53]} 15. Nxd4 {[%emt 0:00:12]} Rac8 {[%emt 0:00:10]} 16. Rd1 {[%emt 0:10:42]} Rfe8 {[%emt 0:04:00]} 17. Ne2 {[%emt 0:23:39]} Ne5 {[%emt 0:07:02]} 18. Nc3 {[%emt 0:02:04]} Qe7 {[%emt 0:19:25]} 19. Kf2 {[%emt 0:03:17]} Red8 {[%emt 0:10:34]} 20. Qd4 {[%emt 0:01:18]} Qc7 {[%emt 0:01:40]} 21. h4 {[%emt 0:02:11]} h5 {[%emt 0:00:25]} 22. Be2 {[%emt 0:01:05]} Ba8 {[%emt 0:01:55]} 23. Rc1 {[%emt 0:02:00]} Qc5 {[%emt 0:04:24]} 24. Rhd1 {[%emt 0:02:55]} Nc6 {[%emt 0:02:36]} 25. Qe3 {[%emt 0:04:26]} Ne5 {[%emt 0:01:44]} 26. Na4 {[%emt 0:02:25]} Qxe3+ {[%emt 0:01:19]} 27. Kxe3 {[%emt 0:00:01]} Rb8 {[%emt 0:00:15]} 28. Nc3 {[%emt 0:00:24]} Kf8 {[%emt 0:00:38]} 29. Rd4 {[%emt 0:03:50]} Ke7 {[%emt 0:00:56]} 30. Rcd1 {[%emt 0:00:12]} Rbc8 {[%emt 0:00:21]} 31. f4 {[%emt 0:00:48]} Ng4+ {[%emt 0:00:09]} 32. Bxg4 {[%emt 0:00:08]} hxg4 {[%emt 0:00:02]} 33. g3 {[%emt 0:00:28]} Bc6 {[%emt 0:02:15]} 34. R1d2 {[%emt 0:03:46]} f5 {[%emt 0:00:58]} 35. e5 {[%emt 0:10:12]} dxe5 {[%emt 0:00:11]} 36. fxe5 {[%emt 0:00:01]} Bf3 {[%emt 0:00:20]} 37. Rxd8 {[%emt 0:00:28]} Rxd8 {[%emt 0:00:01]} 38. Rxd8 {[%emt 0:00:19]} Kxd8 {[%emt 0:00:01]} 39. Nd5 {[%emt 0:00:23]} b5 {[%emt 0:00:33]} 40. Nf4 {[%emt 0:00:07]} 1-0

[Event "17th Caspian Cup-Masters 2019"]
[Site "Anzali"]
[Date "2019.02.16"]
[Round "6.8"]
[White "Naderi, M.sadegh"]
[Black "Omidi, Arya"]
[Result "1-0"]
[WhiteElo "2242"]
[BlackElo "2354"]
[Annotator "NA"]
[PlyCount "113"]
[EventDate "2019.02.12"]
[EventType "swiss"]
[EventRounds "9"]
[EventCountry "IRI"]
[SourceTitle "playchess.com"]
[Source "ChessBase"]
[SourceQuality "1"]
[TimeControl "5400+30"]

1. d4 {[%emt 0:00:00]} g6 {[%emt 0:06:22]} 2. c4 {[%emt 0:00:00]} Bg7 {[%emt 0:00:32]} 3. e4 {[%emt 0:00:01]} e6 {[%emt 0:00:07]} 4. Nc3 {[%emt 0:00:13]} Ne7 {[%emt 0:00:13]} 5. Nf3 {[%emt 0:00:36]} d5 {[%emt 0:00:06]} 6. e5 {[%emt 0:01:04]} Nbc6 {[%emt 0:00:12]} 7. Bf4 {[%emt 0:07:09]} b6 {[%emt 0:03:07]} 8. h4 {[%emt 0:07:03]} h6 {[%emt 0:01:41]} 9. Be2 {[%emt 0:03:09]} Bb7 {[%emt 0:01:18]} 10. Qd2 {[%emt 0:08:52]} Qd7 {[%emt 0:01:40]} 11. Rd1 {[%emt 0:03:02]} dxc4 {[%emt 0:08:26]} 12. Bxc4 {[%emt 0:00:41]} Nb4 {[%emt 0:00:25]} 13. Qe2 {[%emt 0:06:42]} Nbd5 {[%emt 0:03:43]} 14. Bc1 {[%emt 0:00:09]} O-O-O {[%emt 0:04:39]} 15. Bb5 {[%emt 0:07:31]} Bc6 {[%emt 0:01:51]} 16. a4 {[%emt 0:02:40]} a5 {[%emt 0:01:57]} 17. Ne4 {[%emt 0:06:41]} Kb8 {[%emt 0:01:55]} 18. Bd2 {[%emt 0:00:53]} Bxb5 {[%emt 0:03:53]} 19. axb5 {[%emt 0:00:20]} Nc8 {[%emt 0:00:00]} 20. O-O {[%emt 0:11:52]} Na7 {[%emt 0:00:00]} 21. Nc3 {[%emt 0:00:44]} Bf8 {[%emt 0:00:00]} 22. Rc1 {[%emt 0:02:00]} Be7 {[%emt 0:00:17]} 23. g3 {[%emt 0:02:20]} Rdg8 {[%emt 0:04:46]} 24. Ne1 {[%emt 0:03:31]} Rd8 {[%emt 0:05:07]} 25. Ng2 {[%emt 0:01:15]} h5 {[%emt 0:02:07]} 26. Rfd1 {[%emt 0:00:45]} Rhg8 {[%emt 0:06:15]} 27. Nf4 {[%emt 0:06:28]} Nxc3 {[%emt 0:05:54]} 28. bxc3 {[%emt 0:00:01]} Qxb5 {[%emt 0:00:10]} 29. c4 {[%emt 0:01:02]} Qa6 {[%emt 0:00:01]} 30. Be3 {[%emt 0:02:16]} Nc6 {[%emt 0:03:55]} 31. Qf3 {[%emt 0:01:38]} Qb7 {[%emt 0:00:45]} 32. Ne2 {[%emt 0:00:54]} Rgf8 {[%emt 0:05:02]} 33. Bh6 {[%emt 0:04:23]} Rh8 {[%emt 0:00:25]} 34. Bg7 {[%emt 0:01:50]} Rh7 {[%emt 0:00:48]} 35. Bf6 {[%emt 0:00:06]} Rd7 {[%emt 0:01:34]} 36. d5 {[%emt 0:03:15]} Nb4 {[%emt 0:00:52]} 37. Bxe7 {[%emt 0:02:40]} Rxe7 {[%emt 0:00:02]} 38. Qf6 {[%emt 0:00:35]} Re8 {[%emt 0:00:50]} 39. Nf4 {[%emt 0:00:37]} Qc8 {[%emt 0:01:46]} 40. c5 {[%emt 0:03:45]} exd5 {[%emt 0:03:54]} 41. cxb6 {[%emt 0:00:20]} c6 {[%emt 0:00:01]} 42. Nxd5 {[%emt 0:01:13]} Re6 {[%emt 0:00:01]} 43. Qf3 {[%emt 0:00:41]} Kb7 {[%emt 0:00:55]} 44. Nf6 {[%emt 0:00:31]} Rh8 {[%emt 0:00:07]} 45. Rd7+ {[%emt 0:00:16]} Kxb6 {[%emt 0:00:24]} 46. Rxf7 {[%emt 0:00:39]} Rd8 {[%emt 0:00:27]} 47. Qe3+ {[%emt 0:00:32]} c5 {[%emt 0:00:01]} 48. f4 {[%emt 0:00:32]} Rc6 {[%emt 0:00:29]} 49. Ne4 {[%emt 0:00:22]} Rd3 {[%emt 0:00:19]} 50. Qf2 {[%emt 0:00:19]} a4 {[%emt 0:01:23]} 51. Rf6 {[%emt 0:00:46]} Rxf6 {[%emt 0:05:03]} 52. exf6 {[%emt 0:00:01]} Na6 {[%emt 0:00:45]} 53. f7 {[%emt 0:00:54]} a3 {[%emt 0:00:50]} 54. Rb1+ {[%emt 0:00:38]} Ka7 {[%emt 0:00:22]} 55. Qe2 {[%emt 0:00:31]} Rd8 {[%emt 0:00:43]} 56. Nd6 {[%emt 0:00:29]} Qc6 {[%emt 0:03:29]} 57. Qe7+ {[%emt 0:00:30] Qc8} 1-0

[Event "17th Caspian Cup-Masters 2019"]
[Site "Anzali"]
[Date "2019.02.16"]
[Round "6.9"]
[White "Yeritsyan, Hayk"]
[Black "Aminikiasari, Amer"]
[Result "1/2-1/2"]
[WhiteElo "2152"]
[BlackElo "2318"]
[Annotator "NA"]
[PlyCount "28"]
[EventDate "2019.02.12"]
[EventType "swiss"]
[EventRounds "9"]
[EventCountry "IRI"]
[SourceTitle "playchess.com"]
[Source "ChessBase"]
[SourceQuality "1"]
[TimeControl "5400+30"]

1. Nf3 {[%emt 0:00:00]} Nf6 {[%emt 0:01:28]} 2. b3 {[%emt 0:00:00]} d5 {[%emt 0:00:37]} 3. Bb2 {[%emt 0:00:09]} Bf5 {[%emt 0:00:35]} 4. e3 {[%emt 0:00:36]} e6 {[%emt 0:00:42]} 5. Be2 {[%emt 0:00:14]} h6 {[%emt 0:02:07]} 6. O-O {[%emt 0:00:24]} Nbd7 {[%emt 0:06:32]} 7. c4 {[%emt 0:00:14]} Be7 {[%emt 0:00:43]} 8. d3 {[%emt 0:00:33]} O-O {[%emt 0:00:33]} 9. Nbd2 {[%emt 0:00:52]} c6 {[%emt 0:03:47]} 10. Qc2 {[%emt 0:03:08]} a5 {[%emt 0:00:43]} 11. a3 {[%emt 0:02:10]} Qb8 {[%emt 0:01:43]} 12. Rac1 {[%emt 0:02:31]} Rd8 {[%emt 0:00:44]} 13. Rfd1 {[%emt 0:01:43]} Qa7 {[%emt 0:02:50]} 14. Qb1 {[%emt 0:03:24]} Bh7 {[%emt 0:00:58]} 1/2-1/2

[Event "17th Caspian Cup-Masters 2019"]
[Site "Anzali"]
[Date "2019.02.17"]
[Round "7.1"]
[White "Malakhatko, Vadim"]
[Black "Bernadskiy, Vitaliy"]
[Result "1/2-1/2"]
[WhiteElo "2525"]
[BlackElo "2570"]
[Annotator "TA"]
[PlyCount "39"]
[EventDate "2019.02.12"]
[EventType "swiss"]
[EventRounds "9"]
[EventCountry "IRI"]
[SourceTitle "playchess.com"]
[Source "ChessBase"]
[SourceQuality "1"]

{[%evp 18,19,21,18]} 1. d4 d5 2. c4 c6 3. Nf3 Nf6 4. e3 e6 5. Bd3 Nbd7 6. Nbd2 Be7 7. O-O O-O 8. e4 dxe4 9. Nxe4 c5 10. dxc5 {LiveBook: 11 Games. D46: Semi-Slav: 5 e3 Nbd7 6 Bd3, Black avoids the Meran} {Predecessor:} Nxc5 $146 11. Nxc5 Bxc5 12. Qe2 b6 13. Rd1 Qc7 14. Bg5 Bb7 15. Bh4 Be7 16. Bg3 Qc6 17. b3 Rfd8 18. Rac1 h6 19. Be5 Nd7 20. Bb2 {½-½ (33) Banikas,H (2591)-Przybylski,W (2395) Warsaw 2007} 1/2-1/2

[Event "17th Caspian Cup-Masters 2019"]
[Site "Anzali"]
[Date "2019.02.17"]
[Round "7.2"]
[White "Mosadeghpour, Masoud"]
[Black "Mousavi, Seyed Khalil"]
[Result "1-0"]
[WhiteElo "2531"]
[BlackElo "2485"]
[Annotator "TA"]
[PlyCount "85"]
[EventDate "2019.02.12"]
[EventType "swiss"]
[EventRounds "9"]
[EventCountry "IRI"]
[SourceTitle "playchess.com"]
[Source "ChessBase"]
[SourceQuality "1"]

{[%evp 15,85,0,20,0,0,0,0,0,0,0,0,0,0,0,0,0,0,-95,-89,-89,-85,-96,-93,-79,-77,-79,-75,-62,-58,-60,-60,-84,-74,-60,-60,-60,106,116,116,123,756,724,611,590,950,935,925,910,894,867,1110,1056,1013,843,995,930,1127,1109,2266,2218,2864,2793,5310,3996,3661,3318,29982,29983,29982,29983,29983,9570]} 1. e4 c5 2. Nf3 d6 3. d4 cxd4 4. Nxd4 Nf6 5. Nc3 a6 6. Bg5 e6 7. Qf3 Nbd7 8. O-O-O Qc7 9. Bd3 {B95: Sicilian Najdorf: 6 Bg5 e6, unusual White 7th moves} b5 10. Rhe1 Be7 $1 11. Qg3 {The position is equal.} h6 12. Bxf6 Bxf6 13. Nf5 $1 {[#]} Be5 $146 ({Predecessor:} 13... Kf8 14. Qxd6+ Qxd6 15. Nxd6 Ke7 16. Nxc8+ Rhxc8 {1-0 (59) Nepomniachtchi,I (2768)-Sarana,A (2613) Satka 2018}) 14. f4 $1 {[%cal Rf4e5]} Bxc3 15. bxc3 g6 $36 {[%mdl 2048] Black has the initiative.} ({Much worse is} 15... Qxc3 $6 16. Nxd6+ Kf8 17. Be2 $16) 16. Bf1 (16. Ng7+ $1 $11 {remains equal.} Kf8 17. Qxg6) 16... gxf5 $17 17. Qg7 Rf8 {[#] Hoping for ...fxe4.} 18. exf5 e5 19. Qxh6 Bb7 ({Worse is} 19... Qxc3 20. Qxd6 Qa1+ 21. Kd2 $16) 20. Qxd6 Qxd6 21. Rxd6 e4 22. g4 Rh8 23. Red1 O-O-O 24. c4 b4 25. g5 Nc5 $2 (25... Kc7 $15 {keeps the upper hand.} 26. g6 Bc6) 26. Rxd8+ $16 Rxd8 27. h4 Rxd1+ $4 {[%mdl 8192]} (27... e3 $16) 28. Kxd1 $18 Kd8 29. h5 {[#] Black must now prevent h6.} Ke8 30. h6 {And now h7 would win.} Kf8 31. f6 {Threatens to win with h7.} Kg8 32. Bh3 Bc6 33. Bf5 Be8 34. Kd2 a5 35. Ke3 a4 36. Bxe4 a3 37. Bd5 Kh7 38. Kd4 b3 39. cxb3 Nxb3+ 40. Ke5 ({Don't blunder} 40. axb3 $2 a2 $19) 40... Nc1 41. c5 {White mates.} Nd3+ 42. Kd6 Nxf4 43. c6 {Accuracy: White = 84%, Black = 36%.} (43. Be4+ $142 Kg8 44. c6 Bxc6 45. Kxc6 Ne2 46. h7+ Kh8 47. g6 Nd4+ 48. Kd5) 1-0

[Event "17th Caspian Cup-Masters 2019"]
[Site "Anzali"]
[Date "2019.02.17"]
[Round "7.3"]
[White "Asgari, Morteza"]
[Black "Grigoryan, Karen H."]
[Result "0-1"]
[WhiteElo "2175"]
[BlackElo "2590"]
[Annotator "TA"]
[PlyCount "66"]
[EventDate "2019.02.12"]
[EventType "swiss"]
[EventRounds "9"]
[EventCountry "IRI"]
[SourceTitle "playchess.com"]
[Source "ChessBase"]
[SourceQuality "1"]

{[%evp 26,66,0,0,0,0,0,0,0,0,0,-53,-39,-21,-33,-135,-127,-131,-117,-108,-108,-109,-110,-113,-97,-109,-112,-110,-109,-302,-306,-297,-279,-607,-595,-576,-222,-222,-196,-209,-184,-1138,-1141]} 1. e4 c5 2. Nf3 d6 3. d4 cxd4 4. Nxd4 Nf6 5. Nc3 Ng8 6. Nb1 Nf6 7. Nc3 a6 8. Bg5 Nbd7 9. f4 Qc7 10. Qf3 {B94: Sicilian Najdorf: 6 Bg5 Nbd7} (10. Be2 e6 11. O-O Be7 12. Kh1 b5 13. Bf3 Bb7 14. Bxf6 Nxf6 15. e5 dxe5 16. fxe5 Nd7 17. Bxb7 Qxb7 {½-½ (65) Azarov,S (2582)-Fedoseev,V (2690) Minsk 2017}) 10... h6 11. Bh4 g5 12. fxg5 hxg5 13. Bxg5 Qc5 14. Be3 {LiveBook: 20 Games} Ne5 15. Qe2 Neg4 $1 {[%cal Rg4e3]} 16. Bg1 $1 Bh6 $1 17. g3 Ne5 {[#] And now ...Bg4 would win.} 18. Nb3 $146 (18. h3 $11) 18... Qc7 $15 {...Bg4 is the strong threat.} 19. h3 Be6 20. Be3 (20. Bd4 $1 $15) 20... Bxe3 $1 $17 21. Qxe3 {[#]} Nfg4 $1 {[%cal Rg4e3][%mdl 512]} 22. Qf4 {[#]} (22. hxg4 Rxh1) 22... Qb6 $1 $36 {[%mdl 2048] Black is really pushing.} 23. Nd1 Rc8 24. c3 Bxb3 25. axb3 Qxb3 26. Kd2 Nf6 {Hoping for ...Nd5!} 27. Bd3 $2 (27. Ra3 $17 Qb6 28. Qe3) 27... Nxd3 $19 28. Kxd3 Rc4 {Strongly threatening ...Rd4+!} 29. Qf5 $2 (29. Qf3) 29... Rc5 30. Qf3 {[#]} Nd7 $2 (30... Re5 $2 31. Ra3 $19) (30... Nxe4 $1 {[%mdl 512]} 31. Kxe4 (31. Qxe4 $2 Rd5+ 32. Ke3 Re5 $19) 31... Qc2+ 32. Ke3 Rh6) 31. Kd2 Ne5 32. Qe2 d5 33. exd5 $2 (33. Kc1) 33... Qxd5+ {Precision: White = 45%, Black = 87%.} 0-1